Movies Quiz

Random Movies or Nintendo Quiz

Beach Scenes 1 Quiz Stats

 Plays Quiz not verified by Sporcle

Also try: 1990s Movies A-Z
Challenge
Share
Tweet
Score 0/20 Timer 05:00
0 Plays Today
Number Movie % Correct
9Jaws
86.6%
20Pirates of the Caribbean
85%
4Cast Away
80.7%
16the Big Lebowski
66.9%
1Saving Private Ryan
65.4%
5Blue Crush
52%
2Dr No
49.2%
3Blue Lagoon
48.4%
8Twilight
46.1%
18Apocalypse Now
46.1%
Number Movie % Correct
13Austin Powers
42.1%
10Piranha
31.1%
12Shawshank Redemption
29.9%
17Eternal Sunshine of the Spotless Mind
27.6%
11Jaws 2
23.2%
15Grease
21.7%
14Point Break
19.7%
7Robin Hood
19.3%
6Mamma Mia
16.1%
19The Big Blue
1.6%

You're not logged in!

Compare scores with friends on all Sporcle quizzes.
Join for Free
OR
Log In

You Might Also Like...

Show Comments

Extras

Created Mar 25, 2011ReportNominate
Tags:Nintendo Quiz, beach, scene

Top Quizzes Today


Score Distribution

Your Account Isn't Verified!

In order to create a playlist on Sporcle, you need to verify the email address you used during registration. Go to your Sporcle Settings to finish the process.

Report this User

Report this user for behavior that violates our Community Guidelines.

Details: